| 000 | 00727nam a2200241Ia 4500 | ||
|---|---|---|---|
| 003 | GCL | ||
| 008 | 140319s9999 xx 000 0 ara d | ||
| 040 |
_aGCL / _cGCL |
||
| 082 | 0 | 4 |
_aق _b916.2 _bع ع |
| 100 | 1 | _aعبدالمنصف محمود | |
| 245 | 1 | 0 |
_aعلى ضفاف بحيرات مصر بحيرة ادكو - بحيرة مريوط - بحيرة قارون / _cعبدالمنصف محمود |
| 300 | _aمتعدد | ||
| 490 | _a | ||
| 650 | 0 | 4 | _aمصر |
| 650 | 0 | 4 | _aالجغرافيا |
| 650 | 0 | 4 | _aالبحيرات |
| 650 | 0 | 4 | _aالفيوم |
| 650 | 0 | 4 | _aبحيرة قارون |
| 650 | 0 | 4 | _aبحيرة مريوط |
| 650 | 0 | 4 | _aبحيرة ادكو |
| 650 | 0 | 4 | _aبحيرة المنزلة |
| 942 |
_2ddc _cBK |
||
| 999 |
_c45298 _d45298 |
||